| 000 | 01435cam a22003135a 4500 | ||
|---|---|---|---|
| 999 |
_c1438 _d1438 |
||
| 005 | 20181010142243.0 | ||
| 006 | m||||fq||h 00| 0 | ||
| 008 | 181010s2005 enka fr 000 0 eng d | ||
| 010 | _a2006275471 | ||
| 020 | _a0521893453 | ||
| 020 | _a9780521893459 | ||
| 040 |
_aEG-ScBUE _beng _cEG-ScBUE _dEG-ScBUE |
||
| 082 | 0 | 4 |
_a428.24 _bLUC _222 |
| 100 | 1 |
_aLucantoni, Peter. _933420 |
|
| 245 | 1 | 0 |
_aEnglish as a second language : _bIGCSE workbook / _cPeter Lucantoni and Lydia Kellas with Derrin Kent ; endoresd by University of Cambridge, International Examinations. |
| 260 |
_aCambridge ; _aNew York : _bCambridge University Press, _c2005. |
||
| 300 |
_a138 p. ; _c25 cm. + _e1 sound disc (digital ; 4 3/4 in.) |
||
| 650 | 7 |
_aTest of English as a Foreign Language. _2BUEsh |
|
| 650 | 7 |
_aEnglish language _vTextbooks for foreign speakers _vStudy guides. _2BUEsh |
|
| 650 | 7 |
_aEnglish language _xExaminations _vStudy guides. _2BUEsh |
|
| 650 | 7 |
_aUniversities and colleges _xEntrance requirements. _2BUEsh |
|
| 651 | _2BUEsh | ||
| 653 |
_bHHUUEENN _cOctober2018 |
||
| 700 | 1 |
_aKellas, Lydia. _933423 |
|
| 700 | 1 | _aKent, Derrin. | |
| 710 | 2 |
_aUniversity of Cambridge _bLocal Examinations Syndicate _bInternational Examinations. _933424 |
|
| 856 | 4 | 2 |
_3Publisher description _uhttp://www.loc.gov/catdir/enhancements/fy0661/2006275471-d.html |
| 856 | 4 | 2 |
_3Table of contents only _uhttp://www.loc.gov/catdir/enhancements/fy0661/2006275471-t.html |